000 00512nam a2200181Ia 4500
999 _c14027
_d14027
003 OSt
005 20201021114246.0
008 190216s9999||||xx |||||||||||||| ||und||
020 _a9780330335942
040 _coclc
082 _a892.436
_bGRO/B
100 _aGrossman, David
_96022
245 4 _aThe Book Of Intimate Grammar /
_cDavid Grossman
260 _bPicador ,
_c1991.
_aLondon:
300 _a343p
650 _aEnglish Novel
942 _cBK
_2ddc
_h892.436
_iGRO/B
_k892.436
_mGRO/B